[Event "WJun Girls"]
[Site "Yerevan ARM"]
[Date "2006.10.08"]
[Round "6"]
[White "Karavade,E"]
[Black "Aghabekian,L"]
[Result "1-0"]
[WhiteElo "2321"]
[BlackElo "2179"]
[EventDate "2006.10.03"]

1. Nf3 Nf6 2. c4 g6 3. Nc3 Bg7 4. e4 d6 5. d4 O-O 6. Be2 e5 7. Be3 Nc6 8.
d5 Ne7 9. Nd2 Nd7 10. O-O f5 11. f3 f4 12. Bf2 g5 13. b4 h5 14. c5 Nf6 15.
h3 Ng6 16. cxd6 cxd6 17. Rc1 Rf7 18. Nc4 Bf8 19. Nb5 g4 20. Nxa7 gxh3 21.
Nxc8 hxg2 22. Kxg2 Rxc8 23. Rg1 Rg7 24. Kh2 Be7 25. Bf1 Nh7 26. Bh3 Rb8 27.
Bf5 Bh4 28. Qe1 Ng5 29. Nd2 Bg3+ 30. Bxg3 fxg3+ 31. Rxg3 Nf4 32. Qe3 Ra8
33. a4 Kh8 34. Nf1 Qe7 35. a5 Rag8 36. Rc8 Rxc8 37. Bxc8 Qc7 38. Bf5 Qc2+
39. Kh1 Qc7 40. Rg1 Qd8 41. Nh2 Qg8 42. Rc1 Nf7 43. Qf2 Nd8 44. Qh4 Rf7 45.
Rg1 Qf8 46. Rg5 Qe7 47. Qg3 Rf8 48. Nf1 Qf6 49. Qh4 Qh6 50. Rg1 Nf7 51. Qe7
Rg8 52. Rxg8+ Kxg8 53. Be6 Qg6 54. Bxf7+ Qxf7 55. Qxf7+ Kxf7 56. b5 Nd3 57.
a6 bxa6 58. bxa6 1-0

[Event "WJun Girls"]
[Site "Yerevan ARM"]
[Date "2006.10.08"]
[Round "6"]
[White "Nadig,K"]
[Black "Purtseladze,M"]
[Result "1/2-1/2"]
[WhiteElo "2184"]
[BlackElo "2329"]
[EventDate "2006.10.03"]

1. e4 c6 2. d4 d5 3. exd5 cxd5 4. c4 Nf6 5. Nc3 e6 6. Nf3 Bb4 7. cxd5 Nxd5
8. Qc2 Nc6 9. a3 Be7 10. Bd3 h6 11. O-O O-O 12. Rd1 Bd7 13. Qe2 Re8 14. Bc2
Bf8 15. Qd3 f5 16. Nxd5 exd5 17. Qb3 Na5 18. Qxd5+ Be6 19. Qxd8 Raxd8 20.
Bf4 Nb3 21. Rab1 Bd5 22. Be3 g6 23. Ne5 Kg7 24. Rd3 Na5 25. b4 Nc4 26. Nxc4
Bxc4 27. Rc3 b5 28. g3 Rd5 29. Bb3 Bxb3 30. Rbxb3 Bd6 31. h4 Ra8 32. Rc6 a5
33. bxa5 Rxa5 34. Rb6 Rxa3 35. Rb7+ Kf6 36. Rxa3 Bxa3 37. Bxh6 Bb2 38. Bg5+
Ke6 39. Rb6+ Kf7 40. Rb7+ Kf8 41. Bf6 Bxd4 42. Bxd4 Rxd4 43. Rxb5 Kg7 44.
Kg2 Ra4 45. Rb3 Rc4 46. Rf3 Kh6 47. Kh3 Ra4 48. Rb3 Ra2 49. f3 Rf2 50. Ra3
Rb2 51. g4 fxg4+ 52. Kxg4 Rb4+ 53. Kg3 Rb5 54. Ra6 Rc5 55. Re6 Kh5 56. Re8
Kh6 57. Kf4 Rc4+ 58. Re4 Rc5 59. Kg4 Ra5 60. Re6 Ra4+ 61. f4 Ra5 62. Re7
Rb5 63. Re8 Ra5 64. Re5 Ra1 65. Rg5 Rh1 66. Kg3 Rg1+ 67. Kf3 Rh1 68. Ke4
Rxh4 69. Ke5 Kh7 70. Rg2 Rh5+ 71. Rg5 Rh4 72. Rg2 Rh5+ 73. Rg5 1/2-1/2

[Event "WJun Girls"]
[Site "Yerevan ARM"]
[Date "2006.10.09"]
[Round "7"]
[White "Mongontuul,B"]
[Black "Melia,S"]
[Result "0-1"]
[WhiteElo "2383"]
[BlackElo "2395"]
[EventDate "2006.10.03"]

1. e4 c6 2. d4 d5 3. Nc3 dxe4 4. Nxe4 Bf5 5. Ng3 Bg6 6. h4 h6 7. Nf3 e6 8.
Ne5 Bh7 9. Bd3 Bxd3 10. Qxd3 Nd7 11. Bf4 Nxe5 12. Bxe5 Qa5+ 13. Qd2 Qd5 14.
O-O f6 15. Bc7 g5 16. h5 b6 17. Ne2 e5 18. Qe3 Rh7 19. c4 Qxc4 20. dxe5
Rxc7 21. exf6+ Kf7 22. Qe5 Rd7 23. Rad1 Rxd1 24. Rxd1 Nxf6 25. Ng3 Qe6 26.
Qc3 Re8 27. Qc2 Nd5 28. Qh7+ Bg7 29. Nf5 Qf6 30. Rc1 Rh8 31. Qxg7+ Qxg7 32.
Nxg7 Kxg7 33. Rxc6 Rf8 34. Rg6+ Kh7 35. Rd6 Nf6 36. f3 Kg7 37. g4 Rc8 38.
a4 Rc2 39. b4 Rc4 40. b5 Rxa4 41. Re6 Kf7 42. Rc6 Ra5 43. Kf2 Rxb5 44. Rc7+
Ke6 45. Rxa7 Rb1 46. Rb7 b5 47. Rb6+ Ke5 48. Ke2 b4 49. Kd3 b3 50. Rb5+ Nd5
0-1

[Event "WJun Girls"]
[Site "Yerevan ARM"]
[Date "2006.10.09"]
[Round "7"]
[White "Sachdev,T"]
[Black "Muhren,B"]
[Result "1-0"]
[WhiteElo "2383"]
[BlackElo "2336"]
[EventDate "2006.10.03"]

1. d4 d5 2. c4 dxc4 3. Nf3 Nf6 4. e3 e6 5. Bxc4 c5 6. O-O a6 7. Bb3 b5 8.
a4 b4 9. Nbd2 Bb7 10. e4 cxd4 11. e5 Nfd7 12. Nc4 Nc6 13. Re1 Nc5 14. Bg5
Qc7 15. Rc1 h6 16. Bh4 d3 17. Ba2 Na5 18. Nfd2 Nxc4 19. Nxc4 Qc6 20. f3
Qxa4 21. Qxa4+ Nxa4 22. Red1 Bd5 23. Nd6+ Bxd6 24. Bxd5 exd5 25. exd6 g5
26. Bg3 Nxb2 27. Rd2 Nc4 28. Rxd3 Kd7 29. Rxd5 Rhc8 30. Rd4 Na5 31. Rc7+
Rxc7 32. dxc7+ Ke8 33. Rxb4 Rc8 34. Rb6 h5 35. Rxa6 Nb7 36. Rc6 h4 37. Be5
Kd7 38. Rf6 Ke7 39. Rb6 Na5 40. Rb8 Kd7 41. Rxc8 Kxc8 42. Bf6 Kxc7 43. Bxg5
h3 44. g4 Kd6 45. Kf2 Nc6 46. Kg3 Nd4 47. Bf6 Ne2+ 48. Kxh3 Ke6 49. Bb2
Nf4+ 50. Kg3 Ng6 51. h4 f6 52. h5 Nf8 53. f4 Nh7 54. Ba3 Kd5 55. Kf3 Ke6
56. Ke3 Kd5 57. Kd3 Ke6 58. Kd4 Kf7 59. Kd5 Kg7 60. Ke6 Kh6 61. Kf7 f5 62.
Bf8+ Nxf8 63. g5+ Kxh5 64. Kxf8 Kg6 65. Ke7 1-0

[Event "WJun Girls"]
[Site "Yerevan ARM"]
[Date "2006.10.09"]
[Round "7"]
[White "Zhang Jilin"]
[Black "Abrahamyan,T"]
[Result "1/2-1/2"]
[WhiteElo "2292"]
[BlackElo "2292"]
[EventDate "2006.10.03"]

1. Nf3 Nf6 2. g3 b6 3. Bg2 Bb7 4. c4 c5 5. O-O e6 6. Nc3 d6 7. b3 Be7 8.
Bb2 O-O 9. d4 cxd4 10. Qxd4 a6 11. Rfd1 Nbd7 12. Ng5 Bxg2 13. Kxg2 Qc7 14.
Nge4 Rfd8 15. Kg1 Nc5 16. Rac1 Qb7 17. Nxc5 dxc5 18. Qf4 b5 19. Rxd8+ Rxd8
20. Rd1 Rxd1+ 21. Nxd1 b4 22. Ne3 a5 23. Ng4 Nxg4 24. Qxg4 Bf8 25. Qf3 Qa6
26. Be5 a4 27. Qd3 axb3 28. axb3 Qc6 29. f3 f6 30. Bf4 g6 31. Qd8 Kf7 32.
Kf2 e5 33. Be3 Qd6 34. Qxd6 1/2-1/2

[Event "WJun Girls"]
[Site "Yerevan ARM"]
[Date "2006.10.09"]
[Round "7"]
[White "Purtseladze,M"]
[Black "Darbinian,N"]
[Result "1-0"]
[WhiteElo "2329"]
[BlackElo "2079"]
[EventDate "2006.10.03"]

1. d4 Nf6 2. c4 e6 3. Nc3 Bb4 4. Qc2 c5 5. dxc5 O-O 6. a3 Bxc5 7. Bg5 Bxf2+
8. Kxf2 Ng4+ 9. Ke1 Qxg5 10. Nf3 Qe3 11. h3 Nf6 12. Qd3 Qxd3 13. exd3 Rd8
14. d4 d6 15. Kf2 b6 16. b4 Bb7 17. Bd3 Bxf3 18. gxf3 Nc6 19. Ne2 e5 20. d5
Ne7 21. Rhg1 Nh5 22. Rg5 g6 23. h4 f6 24. Rgg1 Kf7 25. Rgb1 f5 26. a4 h6
27. a5 g5 28. hxg5 hxg5 29. axb6 axb6 30. b5 Rxa1 31. Rxa1 Rd7 32. Ra8 Rc7
33. Rd8 Nf6 34. Nc3 Nd7 35. Ra8 Rc8 36. Rxc8 Nxc8 37. Bxf5 Ke7 38. Ne4 Kd8
39. Nxg5 Ne7 40. Bh3 Nc5 41. Ke3 Ng6 42. Ne6+ Ke7 43. Nxc5 dxc5 44. Ke4 Kd6
45. Kf5 Nf4 46. Bf1 Nh5 47. Kg5 Ng3 48. Bd3 Nh1 49. Kh4 Ke7 50. Bc2 Kf6 51.
Kh3 1-0

[Event "WJun Girls"]
[Site "Yerevan ARM"]
[Date "2006.10.09"]
[Round "7"]
[White "Hou Yifan"]
[Black "Hoang Thi Bao Tram"]
[Result "1-0"]
[WhiteElo "2481"]
[BlackElo "2345"]
[EventDate "2006.10.03"]

1. e4 c6 2. d4 d5 3. Nc3 dxe4 4. Nxe4 Nd7 5. Ng5 Ngf6 6. Bd3 e6 7. N1f3 Bd6
8. Qe2 h6 9. Ne4 Nxe4 10. Qxe4 Qc7 11. O-O b6 12. Qg4 Kf8 13. b3 c5 14.
dxc5 Nxc5 15. Bb2 e5 16. Bf5 Bxf5 17. Qxf5 Re8 18. Rad1 Kg8 19. Rfe1 f6 20.
Nh4 Rd8 21. f4 exf4 22. Ng6 Rh7 23. b4 Nb7 24. Re7 Qc4 25. Rd5 1-0

[Event "WJun Girls"]
[Site "Yerevan ARM"]
[Date "2006.10.09"]
[Round "7"]
[White "Mikadze,M"]
[Black "Harika,D"]
[Result "1/2-1/2"]
[WhiteElo "2229"]
[BlackElo "2353"]
[EventDate "2006.10.03"]

1. e4 c5 2. Nf3 g6 3. c3 Bg7 4. d4 cxd4 5. cxd4 d5 6. e5 Bg4 7. Nc3 Nc6 8.
Be2 Bxf3 9. Bxf3 e6 10. Be3 Nge7 11. Bg4 O-O 12. h4 Qd7 13. Qf3 h5 14. Bh3
f6 15. exf6 Bxf6 16. Qe2 Nf5 17. O-O-O Bxd4 18. Bxf5 Bxe3+ 19. fxe3 exf5
20. Rxd5 Qf7 21. Rd6 Ne5 22. Rhd1 Rac8 23. Kb1 Rc6 24. Qb5 Rxd6 1/2-1/2

[Event "WJun Girls"]
[Site "Yerevan ARM"]
[Date "2006.10.09"]
[Round "7"]
[White "Pourkashiyan,A"]
[Black "Karavade,E"]
[Result "1/2-1/2"]
[WhiteElo "2330"]
[BlackElo "2321"]
[EventDate "2006.10.03"]

1. e4 c5 2. Nf3 d6 3. d4 cxd4 4. Nxd4 Nf6 5. Nc3 a6 6. Be2 e5 7. Nb3 Be7 8.
O-O O-O 9. Be3 Be6 10. a4 Nc6 11. Qd2 d5 12. exd5 Nxd5 13. Nxd5 Qxd5 14.
Qxd5 Bxd5 15. Rfd1 Be4 16. Bd3 Bxd3 17. Rxd3 Rfd8 18. Rad1 Rxd3 19. Rxd3
Rd8 20. Rxd8+ Nxd8 21. Na5 Bb4 22. Nc4 f6 23. c3 Be7 24. Bb6 Ne6 25. Na5
Bc5 26. Nc4 1/2-1/2

[Event "WJun Girls"]
[Site "Yerevan ARM"]
[Date "2006.10.09"]
[Round "7"]
[White "Priya,P"]
[Black "Kadziolka,B"]
[Result "0-1"]
[WhiteElo "2128"]
[BlackElo "2346"]
[EventDate "2006.10.03"]

1. e4 g6 2. d4 Bg7 3. Nc3 d6 4. Be3 a6 5. Qd2 Nd7 6. Bd3 b5 7. Nce2 c5 8.
c3 Bb7 9. Nf3 Ngf6 10. Ng3 Ng4 11. Bf4 e5 12. Bg5 f6 13. h3 Nxf2 14. Kxf2
fxg5 15. Qxg5 Qxg5 16. Nxg5 O-O+ 17. Ke2 exd4 18. Ne6 dxc3 19. bxc3 Rf6 20.
Nxg7 Kxg7 21. Rhf1 Re8 22. Rxf6 Nxf6 23. Kf3 d5 24. Re1 dxe4+ 25. Nxe4 Nxe4
26. Bxe4 Rxe4 27. Rxe4 Kf6 28. Ke3 Bxe4 29. Kxe4 Ke6 30. h4 h6 31. g4 g5
32. hxg5 hxg5 33. Kd3 Ke5 34. Ke3 a5 35. Kf3 b4 36. cxb4 cxb4 37. Ke3 a4
38. Kd3 Kf4 39. Kc4 b3 0-1

[Event "WJun Girls"]
[Site "Yerevan ARM"]
[Date "2006.10.09"]
[Round "7"]
[White "Papadopoulou,V"]
[Black "Kalashyan,V"]
[Result "1/2-1/2"]
[WhiteElo "2246"]
[BlackElo "2026"]
[EventDate "2006.10.03"]

1. d4 Nf6 2. c4 e6 3. Nf3 b6 4. Nc3 Bb7 5. Bg5 d5 6. cxd5 exd5 7. e3 Be7 8.
Bd3 Nbd7 9. O-O O-O 10. Rc1 c5 11. dxc5 Nxc5 12. Bf5 h6 13. Bh4 Nce4 14.
Nd4 Nxc3 15. Rxc3 Ne4 16. Bxe4 dxe4 17. Bxe7 Qxe7 18. Qb3 Rac8 19. Rfc1 Qd7
20. Qa3 Rxc3 21. Rxc3 a6 22. Qb3 b5 23. Qc2 Rc8 24. Rxc8+ Qxc8 25. Qxc8+
Bxc8 26. b4 Kf8 27. Kf1 Ke7 28. Ke2 Kd6 29. Kd2 Kd5 30. Kc3 g5 31. a3 f6
32. Kb3 Bg4 33. Kc3 h5 34. Kb3 h4 35. Kc3 Bd7 36. Kb3 f5 37. Kc3 f4 38. Kb3
Bc6 39. Kc3 Bd7 40. Kb3 Bc8 1/2-1/2

[Event "WJun Girls"]
[Site "Yerevan ARM"]
[Date "2006.10.09"]
[Round "7"]
[White "Videnova,I"]
[Black "Gomes,M"]
[Result "1/2-1/2"]
[WhiteElo "2141"]
[BlackElo "2264"]
[EventDate "2006.10.03"]

1. c4 Nf6 2. g3 e6 3. Bg2 d5 4. Nf3 Be7 5. O-O O-O 6. b3 c5 7. e3 Nc6 8.
Bb2 d4 9. exd4 cxd4 10. Re1 Re8 11. d3 Bf8 12. a3 a5 13. Ne5 Bd7 14. f4 Bc5
15. Nd2 Rb8 16. Ne4 Nxe4 17. Bxe4 Nxe5 18. fxe5 Bc6 19. a4 Bb4 20. Re2 f5
21. exf6 Qxf6 22. Qf1 Rbd8 23. Qh3 Bxe4 24. Rxe4 Qf3 25. Qf1 Qh5 26. Qe2
Qxe2 27. Rxe2 e5 28. Re4 Rd6 29. Kg2 Re7 30. Rc1 Kf8 31. Rf1+ Ke8 32. Rf5
Rde6 33. Bc1 h6 34. Re2 e4 35. Rxe4 Rxe4 36. dxe4 d3 37. Rf2 Rxe4 38. Kf3
Re7 39. Rg2 Re1 40. Bd2 Rb1 41. Bxb4 axb4 42. Ke4 Rxb3 43. Rd2 Ra3 44. Kd5
Rxa4 45. Rxd3 Ra5+ 46. Kd6 Ra3 47. Rd2 Rc3 48. Kc5 b3 49. Rb2 Kd7 50. Kd4
Rc2 51. Rxb3 Kc6 52. h4 Rf2 53. Re3 Rf6 54. Re4 Rd6+ 55. Kc3 Rg6 56. g4 Kc5
57. h5 Rg5 58. Rf4 g6 1/2-1/2

[Event "WJun Girls"]
[Site "Yerevan ARM"]
[Date "2006.10.09"]
[Round "7"]
[White "Alaverdyan,L"]
[Black "Rudolf,An"]
[Result "0-1"]
[WhiteElo "1954"]
[BlackElo "2265"]
[EventDate "2006.10.03"]

1. e4 e6 2. d4 d5 3. Nc3 Bb4 4. e5 Ne7 5. Bd2 b6 6. f4 Bxc3 7. bxc3 Ba6 8.
Bd3 c5 9. Nf3 h5 10. O-O Qc8 11. Qc1 Bxd3 12. cxd3 c4 13. Qc2 Nf5 14. Rab1
Qc6 15. dxc4 dxc4 16. Bc1 g6 17. Qe2 O-O 18. Ng5 Nd7 19. Rf3 Kg7 20. Rh3
Rh8 21. Rb2 b5 22. Ne4 Rab8 23. a3 a6 24. Rd2 Nb6 25. Nf6 Nd5 26. Qf3 Qb7
27. Nxd5 Qxd5 28. Qxd5 exd5 29. Rf3 a5 30. Ra2 b4 31. axb4 axb4 32. Bb2 b3
33. Ra1 Ra8 34. Rb1 Ra2 35. Kf1 Rha8 36. Ke1 Kf8 37. Kd1 Ke7 38. Kc1 Ke6
39. Kd2 Ne7 40. Rf2 Nc8 41. Rf3 Nb6 42. Kc1 Na4 43. Rh3 Nxb2 44. Rxb2 Rxb2
45. Kxb2 Ra2+ 46. Kb1 Rxg2 47. f5+ gxf5 48. Rxh5 f4 49. Rh6+ Rg6 50. Rh4 f3
51. Rf4 Rg1+ 52. Kb2 Rg2+ 53. Kb1 f2 0-1

[Event "WJun Girls"]
[Site "Yerevan ARM"]
[Date "2006.10.09"]
[Round "7"]
[White "Dolgova,O"]
[Black "Nadig,K"]
[Result "0-1"]
[WhiteElo "2259"]
[BlackElo "2184"]
[EventDate "2006.10.03"]

1. d4 Nf6 2. c4 g6 3. g3 Bg7 4. Bg2 d5 5. cxd5 Nxd5 6. Nf3 Nb6 7. Nc3 O-O
8. O-O Nc6 9. e3 Re8 10. d5 Na5 11. Nd4 Bd7 12. Qf3 c5 13. Nde2 e6 14. e4
Nac4 15. Qd3 exd5 16. exd5 Bf5 17. Qd1 Qd7 18. Nf4 a5 19. a4 Nd6 20. Nd3
Rac8 21. Bf4 c4 22. Nc1 Ne4 23. N1e2 Nc5 24. Be3 Bg4 25. Bxc5 Rxc5 26. Qd2
Bxe2 27. Nxe2 Nxa4 28. Nd4 c3 29. bxc3 Nxc3 30. Nb3 Rb5 31. Nxa5 Ne2+ 32.
Kh1 Bc3 33. Qd3 Rxa5 34. Rab1 Rc5 35. Rb3 Ba5 36. Bf3 Nc1 37. Rxc1 Rxc1+
38. Kg2 Rec8 39. d6 R8c3 40. Rxc3 Rxc3 0-1

[Event "WJun Girls"]
[Site "Yerevan ARM"]
[Date "2006.10.09"]
[Round "7"]
[White "Topel,Z"]
[Black "Kharatyan,A"]
[Result "1-0"]
[WhiteElo "2256"]
[BlackElo "2070"]
[EventDate "2006.10.03"]

1. d4 e6 2. c4 d5 3. Nc3 c6 4. Bf4 f5 5. g3 Nf6 6. Bg2 dxc4 7. Nf3 Bd6 8.
Be5 O-O 9. O-O Nd5 10. a4 Na6 11. a5 Bb4 12. Qc1 Bxa5 13. e4 Nf6 14. exf5
exf5 15. Ne2 Be6 16. Nf4 Bd5 17. Ng5 Re8 18. Bxf6 gxf6 19. Bxd5+ cxd5 20.
Nge6 Qb6 21. Nxd5 Qxe6 22. Rxa5 Rac8 23. Qh6 Rc6 24. Ne3 Qf7 25. Rxf5 Qg6
26. Qf4 Rce6 27. Qf3 Nb4 28. Rf4 Qf7 29. Ng4 Kg7 30. Ne3 Nd3 31. Rg4+ Kh8
32. Nxc4 b5 33. Qxd3 bxc4 34. Qxc4 Qd7 35. d5 Re5 36. Rd4 Rc8 37. Qa6 Kg7
38. Ra1 Rxd5 39. Rxd5 Qxd5 1-0

[Event "WJun Girls"]
[Site "Yerevan ARM"]
[Date "2006.10.09"]
[Round "7"]
[White "Aketaeva,D"]
[Black "Schoene,Mar"]
[Result "1-0"]
[WhiteElo "2312"]
[BlackElo "2155"]
[EventDate "2006.10.03"]

1. Nf3 d6 2. c4 g6 3. Nc3 Bg7 4. d4 Nf6 5. e4 O-O 6. Be2 e5 7. O-O Nc6 8.
Be3 Ng4 9. Bg5 f6 10. Bh4 h5 11. h3 Nh6 12. dxe5 dxe5 13. Qxd8 Nxd8 14. Nd5
Ne6 15. Bg3 c6 16. Ne7+ Kh7 17. Rfd1 Nf7 18. Rac1 Nfg5 19. Nh4 Nd4 20. Bd3
Bh6 21. Nhxg6 Rf7 22. Nxc8 Kxg6 23. Nd6 Rd7 24. c5 b6 25. Nf5 Rad8 26. Kf1
Nb3 27. axb3 Rxd3 28. Rxd3 Rxd3 29. cxb6 axb6 30. Rxc6 Bf8 31. f3 Nf7 32.
Rxb6 Rd2 33. Rb8 Bh6 34. Ne7+ Kg7 35. Nf5+ Kg6 36. h4 Rxb2 37. b4 Rb1+ 38.
Kf2 Rb2+ 39. Kg1 Rb1+ 40. Kh2 Kh7 41. Rb6 1-0

[Event "WJun Girls"]
[Site "Yerevan ARM"]
[Date "2006.10.09"]
[Round "7"]
[White "Aghabekian,L"]
[Black "Andriasian,S"]
[Result "0-1"]
[WhiteElo "2179"]
[BlackElo "2264"]
[EventDate "2006.10.03"]

1. e4 c5 2. Nf3 e6 3. b3 d6 4. Bb2 Nc6 5. Bb5 Bd7 6. O-O Nf6 7. Re1 Be7 8.
d4 cxd4 9. Nxd4 O-O 10. Bf1 a6 11. c4 Qb6 12. Nc2 Ne5 13. Nc3 Bc6 14. Qd2
Rad8 15. Rad1 Rde8 16. h3 Ng6 17. Qe3 Qc7 18. b4 b6 19. Nd4 Bb7 20. Rc1 Qb8
21. Nb3 Nd7 22. Na4 d5 23. exd5 exd5 24. Nxb6 Bxb4 25. Qd4 Nde5 26. Nxd5
Bxe1 27. Rxe1 f6 28. Rd1 Bxd5 29. cxd5 Qd6 30. Nc5 Qb6 31. Nxa6 Qxd4 32.
Rxd4 Nf7 33. f3 Re1 34. Kf2 Rb1 35. Rd2 Nge5 36. g4 Nd6 37. Bxe5 fxe5 38.
Nc5 Rc8 39. Ne4 Nxe4+ 40. fxe4 Rf8+ 0-1

[Event "WJun Girls"]
[Site "Yerevan ARM"]
[Date "2006.10.09"]
[Round "7"]
[White "Arutyunova,D"]
[Black "Buttner,N"]
[Result "1-0"]
[WhiteElo "2362"]
[BlackElo "2068"]
[EventDate "2006.10.03"]

1. e4 e6 2. d4 d5 3. Nc3 Bb4 4. e5 c5 5. Bd2 Ne7 6. Nb5 Bxd2+ 7. Qxd2 O-O
8. f4 cxd4 9. Nf3 Nbc6 10. Nbxd4 Nxd4 11. Nxd4 Nc6 12. O-O-O Bd7 13. Nf3
Rc8 14. Kb1 Qa5 15. Qxa5 Nxa5 16. f5 Nc4 17. f6 gxf6 18. exf6 Ne3 19. Rd4
Rxc2 20. Ne5 Rc7 21. Bd3 Rfc8 22. Rh4 Nc4 23. Bxc4 dxc4 24. Rg4+ Kf8 25.
Rg7 Bc6 26. Nxc6 Rxc6 27. Rxh7 Kg8 28. Rg7+ Kf8 29. Rf1 e5 30. Rh7 Kg8 31.
Rh5 c3 32. Rff5 c2+ 33. Kc1 1-0

[Event "WJun Girls"]
[Site "Yerevan ARM"]
[Date "2006.10.09"]
[Round "7"]
[White "Hakimifard,G"]
[Black "Solic,K"]
[Result "0-1"]
[WhiteElo "1962"]
[BlackElo "2129"]
[EventDate "2006.10.03"]

1. e4 c5 2. Nf3 d6 3. d4 cxd4 4. Nxd4 Nf6 5. Nc3 Nc6 6. Bg5 e6 7. Qd2 Be7
8. O-O-O Nxd4 9. Qxd4 O-O 10. f4 Qa5 11. Bc4 Bd7 12. e5 dxe5 13. fxe5 Bc6
14. Bd2 Nd7 15. Nd5 Qd8 16. Nxe7+ Qxe7 17. Rhe1 Rfd8 18. Qg4 Nf8 19. Bg5
Rxd1+ 20. Rxd1 Qc5 21. Qe2 Ng6 22. Bb3 Qxe5 23. Qd2 h6 24. Be3 Qxh2 25. Qa5
Qxg2 26. Rg1 Qe4 27. Bxa7 Bd5 28. Re1 Qh4 29. Rg1 Bxb3 30. axb3 Qd8 31. Qc5
Qd5 32. Qb6 Rd8 33. Qf2 Qa5 34. c3 Qd5 35. Rf1 Ne5 36. Qe2 Qd3 37. Qf2 Qe4
38. Qb6 Nd3+ 39. Kb1 Ne1+ 40. Ka2 Rd1 41. Qc7 Qb1+ 42. Ka3 Nc2+ 0-1

[Event "WJun Girls"]
[Site "Yerevan ARM"]
[Date "2006.10.09"]
[Round "7"]
[White "Martirosyan,L"]
[Black "Butskhrikidze,A"]
[Result "1-0"]
[WhiteElo "2111"]
[BlackElo "2001"]
[EventDate "2006.10.03"]

1. d4 Nf6 2. c4 g6 3. Nc3 Bg7 4. e4 d6 5. Be2 O-O 6. Bg5 Na6 7. Nf3 c5 8.
d5 h6 9. Bf4 Nh5 10. Bd2 e5 11. dxe6 fxe6 12. g3 Nf6 13. Nh4 Kh7 14. Be3 b6
15. Qd2 Bb7 16. f3 Qe7 17. O-O-O Rad8 18. Bd3 e5 19. a3 Nc7 20. Qg2 Ne6 21.
Nd5 Qf7 22. Rdf1 Nd4 23. g4 g5 24. Nf5 Nxf5 25. gxf5 Nxd5 26. cxd5 c4 27.
Bc2 Bf6 28. Qe2 b5 29. Rfg1 Rg8 30. Rg4 Rg7 31. Qg2 h5 32. Rg3 Rdg8 33. Rg1
Qe7 34. Kb1 a6 35. Qe2 Qe8 36. Bd2 Qf7 37. h4 g4 38. Qe3 Kh8 39. fxg4 hxg4
40. Bd1 Qh5 41. Be1 Bc8 42. Qe2 Kh7 43. Rxg4 Rxg4 44. Rxg4 Rxg4 45. Qxg4
Qxg4 46. Bxg4 Bd7 47. Kc2 Bd8 48. Bh5 Kh6 49. Bg6 Kg7 50. h5 Bg5 51. Bb4
Be7 52. Bd2 Bf6 53. Kd1 Bd8 54. Ke2 a5 55. Kf3 b4 56. axb4 axb4 57. Bxb4
Be7 58. Kg4 Ba4 59. Bd2 Bd1+ 60. Kg3 Bc2 61. h6+ Kh8 62. f6 Bxf6 63. Kg4
Be7 64. Kf5 Bf8 65. Bg5 1-0

[Event "WJun Girls"]
[Site "Yerevan ARM"]
[Date "2006.10.11"]
[Round "8"]
[White "Sachdev,T"]
[Black "Mongontuul,B"]
[Result "1-0"]
[WhiteElo "2383"]
[BlackElo "2383"]
[EventDate "2006.10.03"]

1. d4 Nf6 2. c4 c5 3. d5 g6 4. Nc3 Bg7 5. d6 Nc6 6. Nf3 O-O 7. Bf4 exd6 8.
Bxd6 Re8 9. e3 Qa5 10. Qd2 Nd4 11. Rc1 Re6 12. Bg3 d6 13. b3 Re8 14. Nd5
Qa3 15. Bd3 Nxd5 16. cxd5 Bf5 17. O-O Nxf3+ 18. gxf3 Bxd3 19. Qxd3 Rad8 20.
Qb5 Re7 21. Bh4 f6 22. Rc2 h5 23. Bg3 a5 24. Rc4 Qxa2 25. Re4 Bf8 26. Rxe7
Bxe7 27. Qxb7 Kf8 28. Rc1 a4 29. bxa4 Qxa4 30. h3 Qd7 31. Qb1 Kf7 32. Kg2
Ra8 33. Rc4 Ra7 34. Re4 Rb7 35. Qd3 Qf5 36. Qd2 Rb3 37. Qa5 Rb7 38. Qa8
Qxd5 39. Qh8 f5 40. Qh7+ Ke8 41. Ra4 Qe6 42. Ra8+ Kd7 43. Bh4 c4 44. Bxe7
Qxe7 45. Qxg6 Kc6 46. Qxf5 Ra7 47. Qc8+ Qc7 48. Qxc7+ Rxc7 49. Kf1 c3 50.
Ke2 c2 51. Ra1 Kb5 52. Kd2 Kb4 53. Kc1 d5 54. Ra2 Rf7 55. Rb2+ Ka3 56. f4
d4 57. Rxc2 Re7 58. exd4 Re4 59. d5 Rxf4 60. d6 Rf7 61. Rd2 Rd7 62. Rd4 1-0

[Event "WJun Girls"]
[Site "Yerevan ARM"]
[Date "2006.10.11"]
[Round "8"]
[White "Harika,D"]
[Black "Abrahamyan,T"]
[Result "1/2-1/2"]
[WhiteElo "2353"]
[BlackElo "2292"]
[EventDate "2006.10.03"]

1. Nf3 Nf6 2. c4 g6 3. Nc3 Bg7 4. g3 O-O 5. Bg2 d6 6. d4 Nc6 7. O-O a6 8.
h3 Rb8 9. e4 b5 10. e5 dxe5 11. dxe5 Qxd1 12. Rxd1 Nd7 13. e6 fxe6 14. cxb5
axb5 15. Bf4 b4 16. Na4 Nb6 17. Nc5 Nd5 18. Ng5 Nxf4 19. Bxc6 Ne2+ 20. Kf1
Nd4 21. Bd7 Nc2 22. Ngxe6 Rf6 23. Rac1 Ne3+ 24. Kg1 Nxd1 25. Rxd1 Rf5 26.
b3 Be5 27. Nd4 Bxd7 28. Nxd7 Bxd4 29. Nxb8 Bxf2+ 30. Kg2 Ba7 31. Na6 Rf2+
32. Kh1 Rxa2 33. Nxb4 Re2 34. Nd5 c6 35. Nf4 Re3 36. Rd3 Kf7 37. Kg2 Rxd3
38. Nxd3 Ke6 39. Kf3 Kd5 40. Nb4+ Kc5 41. Nd3+ Kd4 42. Nb4 Bc5 43. Nxc6+
Kd5 44. Na5 e5 45. Nc4 e4+ 46. Ke2 Kd4 47. Ne3 Kc3 48. Nd5+ Kxb3 49. Nf6 h6
50. Nxe4 Kc4 51. Kf3 Bd4 52. Kf4 Kd5 53. g4 Be5+ 54. Kf3 Ke6 55. Nf2 Kf6
56. Nd3 Bc7 57. h4 Bd6 58. Nf2 Be5 59. Ne4+ Ke6 60. Ke3 Bf6 61. Nxf6 Kxf6
62. Kd4 Ke6 63. Ke4 Kf6 64. Kd5 g5 65. h5 Kf7 66. Kd4 Kf6 67. Kd5 Kf7 68.
Kd6 Kf6 69. Kd5 Kf7 1/2-1/2

[Event "WJun Girls"]
[Site "Yerevan ARM"]
[Date "2006.10.11"]
[Round "8"]
[White "Schoene,Mar"]
[Black "Teodorescu,A"]
[Result "1-0"]
[WhiteElo "2155"]
[BlackElo "2126"]
[EventDate "2006.10.03"]

1. e4 e5 2. Nf3 Nf6 3. Nxe5 d6 4. Nf3 Nxe4 5. d4 d5 6. Bd3 Bd6 7. O-O O-O
8. Re1 Bf5 9. c4 c6 10. c5 Bc7 11. Nc3 Nxc3 12. bxc3 Bxd3 13. Qxd3 Nd7 14.
Bg5 f6 15. Bh4 Re8 16. c4 Nf8 17. Rxe8 Qxe8 18. cxd5 cxd5 19. Qb3 Qc6 20.
Re1 Kf7 21. Nd2 Ne6 22. Qd3 h6 23. Bg3 Bxg3 24. hxg3 Re8 25. Rb1 Re7 26.
Nf3 Ke8 27. Nh4 Qa4 28. Nf5 Rc7 29. Re1 Kd7 30. Qe3 Rc6 31. Nd6 1-0

[Event "WJun Girls"]
[Site "Yerevan ARM"]
[Date "2006.10.11"]
[Round "8"]
[White "Hoang Thi Bao Tram"]
[Black "Perez Rodriguez,Je"]
[Result "1/2-1/2"]
[WhiteElo "2345"]
[BlackElo "2250"]
[EventDate "2006.10.03"]

1. e4 e5 2. Nf3 Nc6 3. Bb5 Nf6 4. Bxc6 dxc6 5. d3 Bd6 6. O-O Bg4 7. Bg5 h6
8. Bh4 g5 9. Bg3 Nh5 10. d4 Nxg3 11. fxg3 Qe7 12. dxe5 Bxe5 13. c3 O-O 14.
Nbd2 Bg7 15. Kh1 Rad8 16. Qb3 b6 17. Rae1 Be6 18. Qc2 Qd7 19. e5 Qd3 20.
Qxd3 Rxd3 21. Ne4 c5 22. h3 Bxa2 23. Ra1 Bd5 24. Nf2 Re3 25. Ng4 Re2 26.
Rxa7 Rxb2 27. Rxc7 Ra8 28. Ne3 Be6 29. Re1 Raa2 30. Kg1 Re2 31. Rxe2 Rxe2
32. Ng4 Bxg4 33. hxg4 Bxe5 34. Nxe5 Rxe5 35. Kf2 Kg7 36. Rb7 Re6 37. Kf3
Kf6 38. Kf2 Kg6 39. Kf3 f5 40. Rb8 fxg4+ 41. Kxg4 Kf6 42. Kh5 Ke5 43. g4
Kf4 44. c4 Ke3 45. g3 Kf3 46. Rf8+ Kxg3 47. Rf3+ Kh2 48. Rf2+ Kg1 49. Rf1+
1/2-1/2

[Event "WJun Girls"]
[Site "Yerevan ARM"]
[Date "2006.10.11"]
[Round "8"]
[White "Darbinian,N"]
[Black "Frisk,E"]
[Result "1/2-1/2"]
[WhiteElo "2079"]
[BlackElo "2025"]
[EventDate "2006.10.03"]

1. Nf3 d5 2. d4 Nf6 3. c4 c6 4. Qc2 e6 5. g3 dxc4 6. Qxc4 b5 7. Qc2 Bb7 8.
Bg2 Nbd7 9. O-O c5 10. e3 Be7 11. Rd1 Qb6 12. b3 Rc8 13. dxc5 Nxc5 14. Qe2
O-O 15. Bb2 a6 16. Bd4 Qc7 17. Nbd2 Nce4 18. Nxe4 Bxe4 19. Qb2 Qb7 20. Ne1
Bxg2 21. Nxg2 Rfd8 22. Rac1 Ne8 23. Rxc8 Rxc8 24. Rc1 Bf6 25. Rxc8 Qxc8
1/2-1/2

[Event "WJun Girls"]
[Site "Yerevan ARM"]
[Date "2006.10.11"]
[Round "8"]
[White "Papadopoulou,V"]
[Black "Videnova,I"]
[Result "1-0"]
[WhiteElo "2246"]
[BlackElo "2141"]
[EventDate "2006.10.03"]

1. d4 c5 2. d5 g6 3. e4 Bg7 4. Nf3 d6 5. Nc3 a6 6. a4 Nf6 7. Bc4 O-O 8. O-O
Nbd7 9. h3 b6 10. Bf4 Ne8 11. Qd2 Ne5 12. Be2 Nxf3+ 13. Bxf3 Rb8 14. Bh6 b5
15. Bxg7 Kxg7 16. axb5 axb5 17. b4 f5 18. Ra7 f4 19. bxc5 dxc5 20. e5 Kh8
21. Ne4 c4 22. Rd1 Rb7 23. Rxb7 Bxb7 24. Nc5 Bc8 25. d6 exd6 26. exd6 Qxd6
27. Qxd6 Nxd6 28. Rxd6 Bf5 29. Be4 f3 30. g4 Bxe4 31. Nxe4 Ra8 32. Rd7 Ra1+
33. Kh2 Kg8 34. Nf6+ Kf8 35. Nxh7+ Ke8 36. Nf6+ Kf8 37. h4 Rc1 38. g5 Rxc2
39. Kg3 Rc1 40. h5 gxh5 41. Kf4 1-0